00838nam a2200169Ia 4500008004100000020001800041082002000059245011800079260007200197300001100269500003000280600003300310650017500343700003900518952009400557999001700651120622s9999 xx 000 0 und d a968-12-0872-2 a327.72046 A388r aAlfonso Reyes y el llanto de España en Buenos Aires, 1936-1957 / comp., intr. y notas de Alberto Enriquez Perea aMexico : El Colegio de Mexico : Secretaria de Relaciones Exteriores a305 p. aIncluye indice onomastico a1. REYES, ALFONSO, 1889-1959 a2. MEXICO - RELACIONES EXTERIORES - ESPAÑA - FUENTES \ 3.ESPAÑA - RELACIONES EXTERIORES - MEXICO - FUENTES \ 4. ESPAÑA - RELACIONES EXTERIORES - ARGENTINA - FUENTES aEnriquez Perea, Alberto ; comp.Ì 00104070a01b01d2007-01-25l0o327.72046 A388Rp01 009261r2012-06-24w2012-06-24yLB c59352d59352